00562 2200193 4500001002100000008004100021035002000062245009300082100001900175250001000194260003800204300002800242020002200270084001700292082001100309650002600320990001100346990001100357INLIS000000000014879 ind  a0010-1022000197 aAku mau Ayah! Kisah-kisah Anak yang TerabaikancIrwan Rinaldi;editor, Tim Penerbit Senja aIRWAN, Rinaldi acet.1 aDepok :bSenja Media Utama,c2019 a281 hlm.: ilus.c15 cm. a978-602-6563-93-4 a297.08 IRW a a297.08 aISLAM.CERITA KELUARGA a9714 a a9714 b